| 000 | 00373nam a2200133Ia 4500 | ||
|---|---|---|---|
| 008 | 220217s9999||||xx |||||||||||||| ||und|| | ||
| 020 | _a0-07-049549-1 | ||
| 082 | _a005.73 LIP | ||
| 100 |
_aLipschutz, Seymour _91874 |
||
| 245 | 0 | _aTheory and prblems of data structures | |
| 260 |
_aTata mcgraw hill _bNew Delhi _c1986 |
||
| 300 |
_b _6.95 |
||
| 650 | _aDATA STRUCTURES | ||
| 999 |
_c167734 _d167734 |
||